000 00840nab a2200253 u 4500
001 15826
003 HDC
007 cr bn ---aaaaa
008 210219c mydr|noo 0 a may d
040 _aHDC
100 _aNor Liza Ahmad
_eauthor
_915865
245 0 _aPengeluar produk halal digesa teroka pasaran antarabangsa /
_cby Nor Liza Ahmad
260 _aMalaysia :
_bBerita Harian,
_c2004
336 _atext
_2rdacontent
337 _acomputer
_2rdamedia
338 _aonline resource
_2rdacarrier
650 _aHalal industry
_9144
650 _ahalal product
_948
710 _aBerita Harian
856 _zRequest full-text at [email protected]
942 _2lcc
942 _cNEWS
942 _kNSWO 008338
999 _c13142
_d13142